| 000 | 00715cam a2200253 4500 | ||
|---|---|---|---|
| 001 | B2939 | ||
| 008 | 090401t1986 xxu||||| |||| 00| 0 eng d | ||
| 035 | _a(Sirsi) u53045 | ||
| 041 | _aeng | ||
| 050 | _a690.25 | ||
| 110 | _aNational House Building Council | ||
| 245 | _aPrecautions to take when building near trees | ||
| 250 | _aRevised ed. | ||
| 260 |
_aLondon _bNational House-Building Council _c1986 |
||
| 300 | _a22p. : ill. ; 30cm. | ||
| 350 | _a3 | ||
| 490 |
_aPractice Note _v3 |
||
| 650 | _aBUILDING DEFECTS | ||
| 650 | _aBUILT ENVIRONMENT-BUILDING ELEMENTS-COMPLETE BUILDING ELEMENTS-FOUNDATIONS | ||
| 650 | _aSHRINKABLE SOILS | ||
| 650 | _aTREE ROOTS | ||
| 942 | _n0 | ||
| 948 | _c04/03/1997 | ||
| 999 |
_c93213 _d93213 |
||